The flight of the mind : Virginia Woolf's art and manic-depressive illness /

Bibliographic Details
Main Author: Caramagno, Thomas C.
Format: Book
Language:English
Published: Berkeley : University of California Press, [1992]
Subjects:

MARC

Tag First Indicator Second Indicator Subfields
LEADER 00000cam a22000008a 4500
001 in00001086355
005 20150929161044.0
008 911008s1992 cau b s001 0deng
010 |a  91038836  
020 |a 0520072804 (cloth : alk. paper) 
035 |a (OCoLC)24671231 
035 |9 AFQ7672AM 
040 |a DLC  |c DLC  |d STA  |d TXA  |d UtOrBLW 
043 |a e-uk--- 
049 |a TXAM 
050 0 0 |a PR6045.O72  |b Z566 1992 
082 0 0 |a 823/.912  |a B  |2 20 
100 1 |a Caramagno, Thomas C. 
245 1 4 |a The flight of the mind :  |b Virginia Woolf's art and manic-depressive illness /  |c Thomas C. Caramagno. 
263 |a 9205 
264 1 |a Berkeley :  |b University of California Press,  |c [1992] 
264 4 |c ©1992 
300 |a xi, 362 pages :  |b illustrations ;  |c 24 cm. 
336 |a text  |b txt  |2 rdacontent 
337 |a unmediated  |b n  |2 rdamedia 
338 |a volume  |b nc  |2 rdacarrier 
504 |a Includes bibliographical references and index. 
600 1 0 |a Woolf, Virginia,  |d 1882-1941  |x Criticism and interpretation. 
600 1 0 |a Woolf, Virginia,  |d 1882-1941  |x Health. 
650 0 |a Novelists, English  |y 20th century  |v Biography. 
650 0 |a Manic-depressive persons  |x Biography. 
650 0 |a Literature and mental illness. 
999 |a MARS 
999 f f |s aac935e6-4bd0-322f-8816-01da8ff6028d  |i 3bfdcae1-17de-3f09-9786-32f574eb2d3d  |t 0 
952 f f |p normal  |a Texas A&M University  |b College Station  |c Sterling C. Evans Library  |d Evans: Library Stacks  |t 0  |e PR6045.O72 Z566 1992  |h Library of Congress classification  |i unmediated -- volume  |m A14816200013 
998 f f |a PR6045.O72 Z566 1992  |t 0  |l Evans: Library Stacks